000 00659nam a2200241 a 4500
008
020 _a0471579300 (pbk.)
049 _aMAIN
090 _aTA145WRI
100 1 _aWright, Paul H.
245 1 0 _aIntroduction to engineering /
_cPaul H. Wright.
250 _a2nd ed.
260 _aNew York :
_bJ. Wiley,
_cc1994.
300 _aix, 262 p. :
_bill. ;
_c24 cm.
504 _aIncludes bibliographical references.
500 _aIncludes index.
650 0 _aEngineering.
907 _a.b10175040
_b17-01-06
_c09-09-05
003
005 20230123134141.0
040 _cNUST
942 _cBOOKS
_kTA145WRI
999 _c160929
_d160929